000 00482nam a2200193Ia 4500
003 GCL
008 140319s9999 xx 000 0 eng d
040 _aGCL /
_cGCL
082 0 4 _aCC
_b962.62174
_bF S
100 1 _aAHMED FAKHRY
245 1 0 _aSIWA OASIS /
_cAHMED FAKHRY
260 _aالقاهرة :
_bTHE AMERICAN UNIVERSITY IN CAIRO PRESS ،
_c1993
300 _a214
650 0 4 _aEGYPT
650 0 4 _aHISTORY
650 0 4 _aOASES
650 0 4 _aMONUMENTS
942 _2ddc
_cBK
999 _c14241
_d14241